| 000 | 00592nam a2200181 a 4500 | ||
|---|---|---|---|
| 001 | 000020545 | ||
| 005 | 20240229074003.0 | ||
| 008 | 100810s2012 dr a 000 0 spa d | ||
| 020 | _a9789993467755 (rústico) | ||
| 020 | _a9789993467762 (tapa dura) | ||
| 040 |
_aDO-SdBNP _bspa _cBNPHU |
||
| 082 |
_axxx _bS127b |
||
| 100 | 1 |
_a Sáez , José Luis _d1937- _9620 |
|
| 245 | 0 |
_aBreve historia del colegio de Belén : _bvolumen 2, 1961-2012 / _cJosé Luis Sáez. |
|
| 260 |
_aSanto Domingo :, : _bAmigo del Hogar, _c2012. |
||
| 300 |
_a346 p. : _bil. ; _c25 cm. |
||
| 590 | _aInventariado, 2020 / DG | ||
| 999 |
_c20049 _d20049 |
||